LEADER 01051nam a2200253 i 4500 001 000000247385 003 CaOOAMICUS 005 20160111000000.0 008 160111s1974 it u000 u ita u 013 $a226290 040 $aSeMil$bita 100 1 $aMeigniez, Robert .$0(OLS)http://semarc/name/82879 245 12$aL'analisi di gruppo :$baspetti esistenziali /$cRobert Meigniez. 260 $aCinisello Balsamo :$bSan Paolo,$c1974. 300 $a215 p. ;$c22 cm. 490 0 $aPsicologia ;$v2. 650 4$aPsicologia sociale.$0(OLS)http://semarc/subject/627 650 4$aGruppo - Psicologia.$0(OLS)http://semarc/subject/16066 830 0$aPsicologia [San Paolo] ;$v2.$0(OLS)http://semarc/title/6207 850 $aSeMil 852 $aSeMil$W1$xVenegono$y1$m2O III 456$j197731$B197731$CSeMilBibl$Z2$F209172 $81 961 $aLascito: Milani don Felice 996 $6245$aL'analisi di gruppo :$baspetti esistenziali$9(OLS)http://semarc/title/349343 996 $6260$aCinisello Balsamo :$bSan Paolo$9(OLS)http://semarc/publisher/30129 LEADER 00872nam a2200217 i 4500 001 000000224593 003 CaOOAMICUS 005 20131105000000.0 008 131105s1990 xx u000 u ger u 013 $a203491 020 $a3-491-77660-0 040 $aSeMil$bita 245 10$aÜbergänge :$bPastoral zu den Lebenswenden /$cunter Mitarb. von Andreas Heller. 300 $a275 p. 700 1 $aHeller, Andreas.$0(OLS)http://semarc/name/18792 773 0 $aZulehner, Paul Michael <1939- >$tPastoraltheologie.$b1. Aufl.$dDüsseldorf : Patmos, 1989-1990.$g3$w()29046 850 $aSeMil 852 $aSeMil$W1$xVenegono$y1$m2B VII 3$j174939$B174939$CSeMilBibl$Z2$F186304 $81 961 $aOmaggio: Bressan don Luca 996 $6020$a3-491-77660-0$9(OLS)http://semarc/number/225144 996 $6245$aÜbergänge :$bPastoral zu den Lebenswenden$9(OLS)http://semarc/title/321859 LEADER 01355nam a2200301 i 4500 001 000000061659 003 CaOOAMICUS 005 20260605114138.0 008 040122s1978 it u000 u ita u 013 $a32831 040 $aSeMil$bita 245 00$a4: La tradizione giovannea. 264 1$aRoma :$bBorla,$c1978. 300 $a315 p. ;$c21 cm 500 $aNell'occhietto: Scritti di san Giovanni / con la collaborazione di M. E. Boismard, E. Cothenet 500 $aTraduzione di Giuseppe Barbaglio. 650 4$aBibbia. Nuovo Testamento - Introduzioni.$0(OLS)http://semarc/subject/1733 650 4$aBibbia - NT - Scritti giovannei.$0(OLS)http://semarc/subject/10248 700 1 $aBarbaglio, Giuseppe,$d<1934-2007>.$0(OLS)http://semarc/name/2630 700 1 $aCothenet, Édouard <1924- >.$0(OLS)http://semarc/name/8217 700 1 $aBoismard, Marie-Émile,$c.$0(OLS)http://semarc/name/879 773 0 $tIntroduzione al nuovo testamento.$bEd. Italiana.$dRoma : Borla, 1976-1992.$g4$w()10858 850 $aSeMil 852 $aSeMil$W1$xVenegono$y1$m2V III 86$j27812$B27812$CSeMilBibl$Z2$F27815 $81 961 $aAcquisto: Casa editrice 996 $6245$a4: La tradizione giovannea$9(OLS)http://semarc/title/96935 996 $6264$aRoma :$bBorla$9(OLS)http://semarc/publisher/29677